[Event "SA Candidates"]
[Site "Adelaide"]
[Date "2002.03.05"]
[Round "4.5"]
[White "Schoech, Franz"]
[Black "Foggo, Grant"]
[Result "1/2-1/2"]
[WhiteElo "1197"]
[BlackElo "1489"]
[Annotator "Fritz 7 - Anderson-Smith,W"]
[PlyCount "79"]
[EventDate "2002.02.12"]
[EventType "swiss"]
[EventRounds "7"]
[EventCountry "AUS"]

{B54: Sicilian: 2...d6 3 d4 cxd4 4 Nxd4, Unusual Lines} 1. e4 c5 2. Nf3 Nc6 3.
Nc3 (3. d4 cxd4 4. Nxd4 e5 5. Nb5 d6 6. N1c3 a6 7. Na3 Nf6 8. Bg5 Be7 9. Nc4
Nd4 10. Bxf6 Bxf6 11. Nd5 b5 12. Ncb6 Rb8 13. c3 Ne6 14. Nxc8 Rxc8 15. a4 O-O
16. axb5 axb5 17. Bxb5 Rb8 18. Qe2 Nf4 19. Nxf4 exf4 20. Bc4 {
1/2-1/2 Michel,P-Pelikan,J/Mar del Plata 1943/HCL (20)}) 3... d6 4. d4 cxd4 5.
Nxd4 e5 6. Nf3 Nf6 7. Bc4 (7. Bg5 Be7 8. Bc4 Be6 9. Bb3 O-O 10. Bxf6 Bxf6 11.
Nd5 Bg5 12. O-O Bh6 13. c3 Kh8 14. Qe2 g6 15. Rad1 f5 16. Ne3 Bxb3 17. axb3
fxe4 18. Nd2 d5 19. Nxe4 d4 20. Nc4 Qd5 21. Rd3 Rad8 {
Yakovich,Y-Britton,R/Cappelle la Grande 1995/EXT 97/1-0 (41)}) 7... Be7 8. h3
O-O (8... Be6 9. Bb3 O-O 10. Bg5 Rc8 11. O-O Ne8 12. Be3 Qd7 13. Qe2 Kh8 14.
Rfd1 f5 15. Bxe6 Qxe6 16. exf5 Rxf5 17. Rd2 Nc7 18. Rad1 Rcf8 19. Nh2 e4 20.
Nf1 d5 21. Ng3 Re5 22. Qg4 Qf7 23. Qd7 {
Zubarev,A-Kuznetsov,S/Ordzhonikidze 2001/CB41/1-0 (39)}) 9. Be3 a6 {Secures b5}
10. Qe2 $146 (10. Bg5 b5 11. Bxf6 bxc4 12. Bxe7 Nxe7 13. O-O Bb7 14. Qe2 Qc7
15. Rad1 h6 16. Nh4 Rad8 17. Qg4 Bc8 18. Nf5 Nxf5 19. exf5 Kh7 20. Nd5 Qb7 21.
b3 cxb3 22. axb3 g6 23. fxg6+ fxg6 24. Qb4 Qf7 25. Nb6 Bf5 26. c4 Qe6 27. Qc3
Be4 28. Nd5 Rf7 29. Rd2 Rdf8 30. Qe3 Bf3 31. Kh2 e4 32. g3 g5 33. Nc3 Qg6 34.
Ne2 h5 35. Rd5 Rf5 36. Rxf5 Qxf5 37. Nd4 Qe5 38. Re1 Kh6 39. Nxf3 Rxf3 40. Qxf3
exf3 41. Rxe5 {1-0 Tomcsanyi,P-Zimmersmann,R/Balatonbereny 1992/TD (41)}) 10...
b5 11. Bd5 {'the bishop is the bishop!'} Bd7 12. Rd1 (12. a3 Rb8 $11) 12... Rc8
(12... b4 $5 13. Nb1 Nxd5 14. exd5 Na5 $15) 13. a3 $11 {
Prevents intrusion on b4} Kh8 14. Qd2 (14. Ba2 Be6 15. Bxe6 fxe6 $11) 14... Na5
$11 15. b3 {Covers c4} (15. Ba2 Be6 16. Bg5 Bxa2 17. Bxf6 Bxf6 18. Nxa2 d5 $11)
15... Be6 (15... Qc7 16. Na2 Nxd5 17. exd5 $17) 16. h4 (16. O-O Qc7 17. Nb1
Nxd5 18. exd5 Bf5 $15) 16... Bg4 (16... Qc7 $5 $17) 17. Rc1 Bxf3 18. gxf3 Nc6
19. h5 (19. b4 $5 $11 {is an interesting idea}) 19... Nd4 $17 20. Bxd4 exd4 21.
Qxd4 (21. Ne2 $142 Nxd5 22. exd5 $17) 21... Nxd5 $4 {weakening the position} (
21... Qa5 $142 22. b4 Qxa3 $17) 22. Nxd5 $16 (22. exd5 $4 Bf6 23. Qd3 Rxc3 $19)
22... Bf6 23. Nxf6 Qxf6 (23... gxf6 24. Rh4 Re8 25. Kf1 $16) 24. Qxf6 $18 gxf6
25. h6 Rg8 (25... f5 26. Ke2 $16) 26. Ke2 Rg6 (26... f5 27. c4 fxe4 28. fxe4
$18) 27. c4 bxc4 28. Rxc4 Rxc4 29. bxc4 Kg8 30. f4 (30. Rd1 Rxh6 31. Rxd6 Rh1
32. Rxf6 h5 $18) 30... Kf8 $2 (30... f5 31. Ke3 $18) 31. Rh5 (31. f5 $142 $5 {
seems even better} Rg5 $18) 31... Ke7 32. Ke3 Kd7 33. Ra5 Rxh6 34. Rxa6 Rh3+
35. Kd4 Rf3 36. Ra7+ Ke8 37. f5 h5 38. Ra8+ Kd7 39. Ra7+ (39. Rh8 $142 $16)
39... Ke8 $11 40. Ra8+ (40. Kd5 $142 Rd3+ 41. Kc6 $16) 1/2-1/2

[Event "SA Candidates"]
[Site "Adelaide"]
[Date "2002.03.05"]
[Round "4.6"]
[White "Heitmann, Syam"]
[Black "Wright, Bruce"]
[Result "0-1"]
[WhiteElo "1244"]
[BlackElo "1442"]
[Annotator "Fritz 7 - Anderson-Smith,W"]
[PlyCount "54"]
[EventDate "2002.02.12"]
[EventType "swiss"]
[EventRounds "7"]
[EventCountry "AUS"]

{E76: King's Indian: Four Pawns Attack: Lines specific to 6 Nf3 move-order} 1.
d4 Nf6 2. c4 g6 3. Nc3 Bg7 4. e4 d6 5. f4 O-O 6. Nf3 c5 7. d5 b5 (7... Re8 8.
Bd3 e6 9. O-O exd5 10. exd5 Nh5 11. f5 Bxf5 12. Bxf5 gxf5 13. Ng5 Bd4+ 14. Kh1
Ng7 15. Nf3 Bf6 16. Bf4 Nh5 17. Qd2 Re5 18. Nxe5 dxe5 19. Be3 f4 20. Bxc5 Bg7
21. Bf2 Nd7 22. Qd3 {
Alexandrova,O-Cherednichenko,S/Warsaw 2001/CBM 82 ext/0-1 (54)}) 8. Bd3 (8.
cxb5 a6 9. bxa6 (9. a4 e6 10. b6 exd5 11. exd5 Qxb6 12. a5 Qa7 13. Bc4 Re8+ 14.
Ne2 Bd7 15. Ra2 Bb5 16. b3 Ne4 17. O-O f5 18. Ng5 Nd7 19. Ne6 Bf6 20. Bb2 Bxb2
21. Rxb2 Rab8 22. Qc1 Nf8 23. Nc3 Nxc3 24. Qxc3 Nxe6 25. dxe6 Qg7 26. Qxg7+
Kxg7 27. Rd2 Bxc4 28. bxc4 Rxe6 29. Rfd1 Rb4 30. Rxd6 Kf6 31. Rd7 Rxc4 32. g3
h5 33. Rh7 Rc2 34. Kf1 Rxh2 35. Rdd7 Re4 36. Rhf7+ {
1/2-1/2 Thorfinnsson,B-Babula,V/Pardubice 2001/CBM 83 ext (36)}) 9... Qa5 10.
Bd2 Bxa6 11. Be2 Qb6 12. O-O Nbd7 13. Kh1 Rfb8 14. e5 Ne8 15. e6 fxe6 16. dxe6
Ndf6 17. f5 d5 18. fxg6 Qxe6 19. Ng5 Bxe2 20. Qc2 Rxb2 21. gxh7+ Kh8 22. Qxb2
Qa6 23. Nxe2 Qxe2 24. Rae1 Qc4 25. Qb1 Nd6 26. Qg6 Nfe4 27. Ne6 Bd4 28. Bh6 Qc3
29. Nxd4 Qxd4 30. Bf8 {1-0 Kozul,Z-Ivanovic,B/Kladovo 1990/CBM 17 (30)}) 8...
bxc4 9. Bxc4 Qa5 $146 (9... Ba6 10. Nd2 Nfd7 11. O-O Nb6 12. Bxa6 Nxa6 13. a4
Rb8 14. a5 Na8 15. Nc4 N8c7 16. Qe2 Nb4 17. Be3 f5 18. exf5 gxf5 19. Rf3 Nbxd5
20. Nxd5 Nxd5 21. Bf2 Qe8 22. Rd1 Qf7 23. Qd3 Nb4 24. Qe2 Nc6 25. Rg3 Kh8 26.
Be1 Nd4 27. Qf1 Bf6 28. Bc3 Nb5 29. Kh1 Nxc3 30. bxc3 Rg8 31. Re3 Rb3 32. Qe2
Rxc3 {0-1 Albrecht,R-Schuh,H/Germany 1986/GER-chT (32)}) (9... Nbd7 10. O-O Nb6
11. Be2 Rb8 12. Qe1 e6 13. dxe6 Bxe6 14. Ng5 Bc4 15. Bxc4 Nxc4 16. Qe2 Na5 17.
Rd1 Nc6 18. e5 Nd4 19. Rxd4 cxd4 20. exf6 Bxf6 21. Nce4 Bg7 22. Qd3 f5 23. Qh3
h6 24. Ne6 {Ramseier,J-Bos Swiecik,I/Halle 1987/EXT 97/1/2-1/2 (43)}) 10. O-O
Ba6 11. Qb3 Bxc4 12. Qxc4 Nbd7 13. Bd2 Nb6 14. Qe2 c4 15. Kh1 e6 (15... Nfd7
16. Nd1 Qc5 17. Be3 $14) 16. b3 (16. dxe6 $5 Qh5 17. exf7+ Rxf7 18. Be3 $16)
16... Qc5 17. Be3 (17. dxe6 $5 {is worthy of consideration} fxe6 18. e5 dxe5
19. Nxe5 cxb3 20. axb3 $14) 17... Qb4 $11 18. Bxb6 axb6 19. Rac1 (19. Qxc4 Qxc4
20. bxc4 Rfc8 21. dxe6 fxe6 $15) 19... cxb3 $15 20. Qb2 $4 (20. axb3 $142 {
is the best chance} Rac8 21. e5 Rxc3 22. Rxc3 Qxc3 23. exf6 Qxf6 24. dxe6 Qxe6
25. Qb5 $17) 20... Nxe4 $19 21. a3 (21. Qxb3 {
a last effort to resist the inevitable} Qxb3 22. axb3 Nxc3 23. dxe6 fxe6 24. g3
$19) 21... Bxc3 22. Rce1 (22. axb4 {doesn't change anything anymore} Bxb2 23.
Rb1 Ra2 $19) 22... Bxb2 23. axb4 exd5 24. Rb1 Ra2 25. Rfe1 (25. g4 {
does not save the day} Rc8 26. f5 Ra1 $19) 25... Bc3 26. Rf1 b2 27. h3 Ng3+ (
27... Ng3+ 28. Kg1 Nxf1 $19) 0-1

[Event "SA Candidates"]
[Site "Adelaide"]
[Date "2002.03.12"]
[Round "5.1"]
[White "Oks, Oliver"]
[Black "Lai, Andrew"]
[Result "1/2-1/2"]
[WhiteElo "1804"]
[BlackElo "1447"]
[Annotator "Fritz 7 - Anderson-Smith,W"]
[PlyCount "45"]
[EventDate "2002.02.12"]
[EventType "swiss"]
[EventRounds "7"]
[EventCountry "AUS"]

{B13: Caro-Kann: Exchange Variation and Panov-Botvinnik Attack} 1. e4 c6 2. d4
d5 3. exd5 cxd5 4. Nf3 $2 (4. c4 Nf6 5. Nc3 e6 6. Nf3 Bb4 $11) 4... Bg4 (4...
Nc6 5. c3 Bg4 (5... g6 6. Bd3 Bg7 7. O-O Nh6 8. Re1 f6 9. Bf4 Nf7 10. c4 O-O
11. cxd5 Nb4 12. Nc3 Nxd5 13. Nxd5 Qxd5 14. Rxe7 g5 15. Bg3 f5 16. Be5 Nxe5 17.
Nxe5 Bxe5 18. dxe5 g4 19. Rc1 {1-0 Stangl,A-Kostic,M/Sofia 1994/TD (19)}) 6.
Nbd2 Nf6 7. Qa4 Qc7 8. Ne5 Bd7 9. Nxd7 Nxd7 10. Nf3 e6 11. Be2 Bd6 12. h3 h6
13. Bd2 O-O 14. O-O a6 15. Qd1 Nf6 16. Bd3 Ne4 17. Bc1 f5 18. Qe2 Rf6 19. Re1
Raf8 20. Nd2 Rg6 21. Nf1 Qd8 22. Qh5 Kh7 23. f3 Qe8 24. Qh4 Rxg2+ 25. Kxg2 Qg6+
26. Bg5 Nxg5 27. Kf2 Ne4+ 28. Bxe4 fxe4 29. Nd2 Rf4 30. Qxf4 Bxf4 31. Nf1 e5
32. fxe4 dxe4 33. d5 Ne7 34. Rad1 Nf5 35. Rxe4 Nh4 {
0-1 Kreischer,G-Polak,T/Passau 1994/EXT 99 (35)}) 5. Bf4 $146 (5. h3 Bh5 (5...
Bxf3 6. gxf3 e6 7. a3 h6 8. Bg2 Nc6 9. c3 Bd6 10. Nd2 Nge7 11. O-O Nf5 12. Re1
Nh4 13. Qc2 Qg5 14. Kf1 Qxg2+ 15. Ke2 Bf4 16. Nb3 Qxf3+ 17. Kf1 Qxh3+ 18. Ke2
Ng6 19. Bxf4 Nxf4+ 20. Kd1 Qf3+ 21. Re2 Nxe2 22. Qxe2 Qxe2+ 23. Kxe2 O-O 24.
Nd2 e5 25. dxe5 Nxe5 26. b4 Rfe8 27. Rc1 Nc4+ {
0-1 Kei Ng,K-Sabure,T/Elista 1998/CBM 66 ext (27)}) 6. g4 Bg6 7. Bg2 Nc6 8. Nc3
e6 9. a3 Bd6 10. Qe2 Nge7 11. Nb5 Bb8 12. O-O Be4 13. Ne5 a6 14. Nxc6 Nxc6 15.
Bxe4 dxe4 16. Nc3 Qc7 17. f3 Nxd4 18. Qg2 exf3 19. Qf2 Nxc2 20. Bg5 Ba7 21. Ne4
Bxf2+ 22. Rxf2 Nxa1 {0-1 Pereira,D-Bobras,P/Hania 1994/EXT 97 (22)}) (5. c4 e6
6. cxd5 exd5 7. Nc3 Nc6 8. Be3 Nf6 9. Rc1 Bb4 10. Bb5 Qb6 11. Bxc6+ Qxc6 12.
O-O Bxc3 13. Rxc3 Qd6 14. Qa4+ Bd7 15. Qb3 O-O 16. Qxb7 Rfb8 17. Qc7 Qxc7 18.
Rxc7 Rxb2 19. Ne5 Be6 20. a3 h6 21. Rfc1 Rb3 22. a4 Ra3 23. Re7 Rxa4 24. g3 Ng4
25. Nxg4 Bxg4 26. Rcc7 Be6 27. Kg2 Ra2 28. h3 a5 29. Ra7 Rxa7 30. Rxa7 a4 31.
Bc1 Kh7 {1/2-1/2 Stroehl,J-Reuter,A/Koblenz 1990/EXT 97 (31)}) 5... Nc6 6. c3
Qb6 7. Nbd2 Qxb2 8. Rb1 Qxc3 9. Rxb7 Rc8 (9... a6 $5 $11 {
should be examined more closely}) 10. Bb5 $14 Bxf3 $4 (10... Nf6 11. O-O Bd7
$16) 11. Qxf3 $18 Qxf3 12. Nxf3 (12. gxf3 $6 Kd8 13. Nb3 e5 14. dxe5 Nge7 $16)
12... a6 (12... f6 13. Rb8 Kd7 14. Rxc8 Kxc8 15. Bxc6 $18) 13. Ba4 (13. Bxc6+
$142 {secures victory} Rxc6 14. Rb8+ Kd7 15. Ne5+ Ke6 16. Nxc6 Nf6 $18) 13...
Kd8 (13... f6 14. Rb8 Rxb8 15. Bxc6+ Kf7 16. Bxb8 $18) 14. O-O Nf6 (14... f6 {
is one last hope} 15. Rc1 e5 16. Bxc6 Ne7 $18) 15. Ng5 Nxd4 (15... Ne4 {
cannot change what is in store for ?} 16. Nxf7+ Ke8 $18) 16. Rc1 (16. Nxf7#)
16... Nd7 $4 {makes life more difficult} (16... Rxc1+ $142 {is the best chance}
17. Bxc1 Kc8 $15) 17. Rxd7+ Ke8 18. Ra7+ (18. Rxc8#) 18... Kd8 (18... Rc6 {
doesn't improve anything} 19. Bxc6+ Nxc6 20. Rxc6 Kd8 21. Ra8+ Kd7 22. Rc7#)
19. Ne6+ $1 {Theme: Double Attack} Nxe6 (19... fxe6 20. Bc7+ {
The nicest combinations are those leading to mate}) 20. Rd7+ {
A beautiful mate combination} Ke8 21. Ra7+ (21. Rxc8+ Nd8 22. Rcxd8#) 21... Kd8
$18 22. Rd7+ (22. Rd1 Nd4 23. Rxd4 Rc1+ 24. Bxc1 e6 25. Rd2 f6 26. Rc2 Bc5 27.
Rxc5 Rf8 28. Rd7+ Ke8 29. Rc8#) 22... Ke8 $11 23. Rxc8+ 1/2-1/2

[Event "SA Candidates"]
[Site "Adelaide"]
[Date "2002.03.12"]
[Round "5.3"]
[White "Cooke, Tristrom P"]
[Black "Peake, Michael"]
[Result "1-0"]
[WhiteElo "1359"]
[BlackElo "1530"]
[Annotator "Fritz 7 - Anderson-Smith,W"]
[PlyCount "27"]
[EventDate "2002.02.12"]
[EventType "swiss"]
[EventRounds "7"]
[EventCountry "AUS"]

{C54: Giuoco Piano: 4 c3 Nf6, main lines with 5 d4 and 5 d3} 1. e4 e5 2. Nf3
Nc6 3. Bc4 Bc5 4. c3 Nf6 5. d4 exd4 6. e5 $2 (6. cxd4 Bb4+ 7. Nc3 (7. Bd2 Bxd2+
8. Nbxd2 d5 9. exd5 Nxd5 10. Qb3 Na5 11. Qa4+ Nc6 12. Qb3 Nce7 13. O-O O-O 14.
Ne5 c6 15. Rfe1 Qb6 16. Ndf3 Qxb3 17. Bxb3 Bf5 18. Rad1 Rad8 19. a3 h6 20. Nd2
Be6 21. Ne4 Rfe8 22. Nc5 Bc8 23. f3 Kf8 24. Kf2 f6 25. Nc4 Nf5 26. Rxe8+ Rxe8
27. g4 Nfe3 28. Nxe3 Nxe3 29. Re1 Nd5 30. Rxe8+ Kxe8 31. Bxd5 cxd5 32. h4 g5
33. Kg3 Ke7 34. f4 b6 35. Nd3 Ke6 36. Nf2 Ba6 37. Nh3 Bf1 38. Ng1 Bd3 39. Nh3
Bf1 40. Ng1 Bd3 {1/2-1/2 Rabiega,R-Miles,A/Bad Woerishofen 1997/EXT 2000 (40)})
7... d5 (7... Nxe4 8. O-O Bxc3 9. d5 Bf6 10. Re1 Ne7 11. Rxe4 d6 12. Bg5 Bxg5
13. Nxg5 h6 14. Qe2 hxg5 15. Re1 Be6 16. Re3 Kf8 17. dxe6 f6 18. Rh3 Rxh3 19.
gxh3 g6 20. h4 gxh4 21. Qg4 Kg7 22. Re3 Qh8 23. Rb3 Rb8 24. Rh3 Qh6 25. Rf3 Nc6
26. Re3 Qg5 27. Qxg5 fxg5 28. Bd5 Kf6 29. Rf3+ Ke5 30. Bxc6 bxc6 31. e7 Re8 32.
h3 Rxe7 33. Ra3 d5 34. Rxa7 d4 35. Kf1 d3 36. Ke1 g4 37. Ra4 Kf5+ 38. Kd2 Re4
39. hxg4+ Ke5 40. Ra5+ Kf4 {0-1 Caruso,A-Lane,G/Cannes 1995/EXT 98 (40)}) 8.
exd5 Nxd5 9. O-O Nb6 10. Re1+ Be7 11. Bb3 O-O 12. d5 Na5 13. Bc2 Nac4 14. Qd3
f5 15. Bb3 Nd6 16. Bf4 Nd7 17. Qe3 Rf7 18. Nd4 Nf6 19. Rad1 Ng4 20. Qf3 g5 21.
Ne6 Bxe6 22. dxe6 Rg7 23. Bxd6 cxd6 24. Qxf5 h5 25. Ne4 Kh8 26. h3 Nh6 27. Qd5
Qb6 28. h4 Rf8 29. hxg5 Ng4 30. Qd4 Qc7 31. Bd5 Qd8 32. Rd3 Bxg5 33. Rh3 h4 34.
Nxg5 Qxg5 35. g3 Kh7 36. Rxh4+ Nh6 37. e7 Re8 38. Re6 Rexe7 39. Qe4+ {
1-0 Steinitz,W-Blackburne,J/Nuremberg 1896/HCL (39)}) 6... Ng4 $2 (6... d5 7.
Bb5 Ne4 8. cxd4 Bb4+ 9. Bd2 Nxd2 10. Nbxd2 Bd7 11. O-O Be7 12. Qb3 a6 13. Be2
Be6 14. Rac1 Ra7 15. Qe3 O-O 16. Ne1 f6 17. Nd3 fxe5 18. Nxe5 Bd7 19. Bd3 Rf6
20. f4 Ra8 21. Ndf3 Nxe5 22. dxe5 Rf8 23. e6 Bb5 24. Nd4 Bxd3 25. Qxd3 c6 26.
Kh1 Qd6 27. f5 Bf6 28. b3 Rae8 29. Nf3 Qf4 30. Rce1 Qd6 31. Re2 Re7 {
1/2-1/2 Hernandez,A-Knezevic,M/Havana 1986/EXT 98 (31)}) 7. cxd4 $146 (7. Bd5
Nxf2 8. Bxf7+ Kxf7 9. Ng5+ Kg8 10. Qb3+ d5 11. exd6+ Be6 12. Qxe6+ Kf8 13. Qf7#
{1-0 Cochrane,J-NN/England 1822/EXT 99 (13)}) 7... Bb4+ 8. Nc3 d5 9. Bd3 (9.
Bb5 Bd7 $16) 9... Be6 (9... f6 10. O-O O-O 11. e6 Bxe6 12. h3 $14) 10. Ng5 Qd7
11. h3 Nh6 12. Nxh7 {Traps the king in the center} (12. Nxe6 $142 Qxe6 13. a3
$14) 12... Nxd4 $4 {Black has let it slip away} (12... Nf5 $142 {
is the best option Black has} 13. Bxf5 Bxf5 $11) 13. Bxh6 $18 gxh6 $4 {
but even a better move would not have saved the game} (13... Nf5 $142 14. Bd2
Rxh7 $18) 14. Nf6+ (14. Nf6+ Kf8 15. Nxd7+ Bxd7 16. a3 Bxc3+ 17. bxc3 $18) 1-0

[Event "SA Candidates"]
[Site "Adelaide"]
[Date "2002.03.12"]
[Round "5.4"]
[White "Wright, Bruce"]
[Black "Dakovic, Goran"]
[Result "0-1"]
[WhiteElo "1442"]
[BlackElo "1692"]
[Annotator "Fritz 7 - Anderson-Smith,W"]
[PlyCount "73"]
[EventDate "2002.02.12"]
[EventType "swiss"]
[EventRounds "7"]
[EventCountry "AUS"]

{C43: Petroff Defence: 3 d4} 1. e4 e5 2. Nf3 Nf6 3. d4 Nxe4 4. Bd3 d5 5. Nxe5
Bd6 (5... Nd7 6. Nxd7 Bxd7 7. O-O Bd6 8. c4 c6 9. cxd5 cxd5 10. Qh5 O-O 11.
Qxd5 Bc6 12. Qh5 g6 13. Qh3 Bb4 14. Be3 Re8 15. a3 Ba5 16. Rc1 Rc8 (16... h5
17. Nc3 Bd7 18. Qf3 Bg4 19. Qf4 Bxc3 20. Bxe4 Bxb2 21. Rc7 Be6 22. Rb1 Bxa3 23.
Bxg6 fxg6 24. Rbxb7 Re7 25. Rxe7 Bxe7 26. Qe4 Bf5 27. Qxe7 Qxe7 28. Rxe7 a5 29.
Bc1 Rd8 30. Be3 {1/2-1/2 Svidler,P-Anand,V/Dortmund 1998/CBM 66 (30)}) 17. Qh6
Bb6 18. Nc3 Nxf2 19. Bxf2 Bxd4 20. Rd1 Bxf2+ 21. Kxf2 Qb6+ 22. Kf1 Qxb2 23. Qd2
Qxc3 {1/2-1/2 Svidler,P-Jussupow,A/Bad Homburg 1998/CBM 66 (23)}) 6. O-O O-O 7.
Re1 $5 (7. c4 Bxe5 (7... Nc6 8. Nxc6 bxc6 9. c5 Be7 10. Nc3 Bf5 11. f3 Nxc3 12.
bxc3 Bxd3 13. Qxd3 Bg5 14. Qa6 Bxc1 15. Raxc1 Qd7 16. Rfe1 Rfe8 17. Rxe8+ Rxe8
18. h3 h5 19. Qxa7 Qe7 20. Kh1 Qe3 21. Rg1 Qxc3 22. Qxc7 Re1 23. Rxe1 Qxe1+ 24.
Kh2 Qa1 25. Qxc6 Qxd4 26. Qd6 h4 27. c6 Qb6 28. a4 Kh7 29. Qxd5 Qb8+ 30. Kg1
Qb1+ 31. Kf2 Qc2+ 32. Ke3 Qc1+ 33. Kd4 Qg1+ 34. Kc4 Qxg2 35. Qe4+ g6 36. Qxh4+
Kg7 37. Qd4+ Kh7 38. Qd5 f5 39. Kb5 Qb2+ 40. Ka6 Qc3 41. c7 {
1-0 Shirov,A-Huebner,R/Frankfurt 1996/CBM 55 (41)}) 8. dxe5 Nc6 9. cxd5 Qxd5
10. Qc2 Nb4 11. Bxe4 Nxc2 12. Bxd5 Bf5 13. g4 Bxg4 14. Be4 Nxa1 15. Bf4 f5 16.
Bd5+ Kh8 17. Rc1 c6 18. Bg2 Rfd8 19. Nd2 Rxd2 20. Bxd2 Rd8 21. Bc3 Rd1+ 22.
Rxd1 Bxd1 23. f4 Nc2 24. Kf2 Kg8 25. a4 a5 26. Bxa5 Nd4 27. Bf1 Bb3 {
1/2-1/2 Kasparov,G-Anand,V/Linares 1991/CBM 22 (27)}) 7... Nf6 $146 (7... Bxe5
8. dxe5 Nc5 9. Bf1 Nc6 10. c3 Bf5 11. Nd2 Re8 12. Nb3 Nxb3 13. Qxb3 Re6 14. Bf4
Ne7 15. Bg5 b6 16. Rad1 c6 17. c4 d4 18. Qf3 Qd7 19. Be3 Rxe5 20. Bxd4 Rxe1 21.
Rxe1 Bg6 22. Bc3 {Bielczyk,J-Stempin,P/POL 1982/MCD/1-0 (37)}) 8. c4 c6 9. Nc3
Be6 10. c5 {White gains space} Be7 11. Qe2 Nbd7 (11... Re8 12. Bf4 $14) 12.
Nxf7 $1 $16 {Demolishes the pawn shield} Bxf7 {Exploits the pin} (12... Kxf7 {
Decoy to f7} 13. Qxe6+) 13. Qxe7 Qc7 14. Qe2 Rae8 15. Be3 Bh5 16. f3 Nxc5 17.
dxc5 d4 {Theme: Double Attack} 18. Qd2 (18. Bxd4 {A pinning theme} Rxe2) 18...
dxc3 (18... dxe3 19. Rxe3 Qf4 20. Rae1 $14) 19. bxc3 $16 Rd8 (19... Nd5 20. Bf2
$16) 20. Qc2 h6 21. Bf2 {The idea is Be3-f2-g3-d6} Bf7 22. Bg3 (22. Rab1 Rfe8
$16) 22... Qa5 $14 23. Bd6 {The white bishop on an outpost} Rfe8 24. Re7 b6 (
24... Rxe7 25. Bxe7 Re8 26. Bxf6 gxf6 27. Bg6 Qxc5+ 28. Kh1 $11) 25. Rxf7 Kxf7
26. Bg6+ Kg8 27. Bxe8 Nxe8 28. Qb3+ Kh8 29. Be7 Rd7 30. cxb6 (30. Bf8 Nf6 $16)
30... axb6 (30... Rxe7 31. b7 Qc5+ 32. Kf1 $11) 31. Bb4 (31. Bh4 $142 $5 Rd2
32. Bf2 $16) 31... Qe5 $11 32. Qc2 c5 33. Ba3 Qe3+ 34. Qf2 Qxc3 35. Bb2 Qb4 36.
Qc2 (36. Rb1 $5 {is worth consideration} Rd2 37. Qe3 Rxb2 38. Rxb2 Qxb2 39.
Qxe8+ Kh7 40. Qe4+ g6 41. Qb7+ Qg7 42. Qxb6 Qa1+ 43. Kf2 Qxa2+ 44. Kg3 $11)
36... Rd2 $17 37. Qc3 $4 {another bit of territory lost} (37. Qg6 $142 Re2 38.
Rb1 $17) 0-1